Museums: City and Country by Picture - Statistics

General Stats
  • This quiz has been taken 33 times
  • The average score is 17 of 48
Answer Stats
Picture Answer % Correct
Louvre
100%
France
90%
France
90%
Paris
87%
Spain
77%
Canada
73%
United Kingdom
67%
United States
67%
United States
67%
Bilbao
63%
London
63%
Moscow
63%
China
60%
China
60%
Russia
60%
Guggenheim Museum
57%
British Museum
53%
Beijing
47%
Washington D.C.
47%
Ottawa
43%
Germany
40%
Marseille
40%
Berlin
33%
Austria
30%
Vatican City
30%
Vatican City
30%
Singapore
23%
Singapore
23%
Vienna
23%
Smithsonian
20%
Vatican Museums
17%
Cambodia
10%
Chicago
10%
Musée des Civilisations de l'Europe et de la Méditerranée (MuCEM)
7%
Taiwan
7%
Canadian Museum of History
3%
Kunsthistorisches Museum
3%
Phnom Penh
3%
State Historical Museum
3%
Yilan
3%
Altes Museum
0%
ArtScience Museum
0%
Datong
0%
Datong Art Museum
0%
Lanyang Museum
0%
Military Museum of the Chinese People's Revolution
0%
Museum of Science and Industry
0%
National Museum of Cambodia
0%
No matching quizzes found
Score Distribution
Percent of People with Each Score
Percentile by Number Answered
Your Score History
You have not taken this quiz